Movies Quiz

Random Movies or Clickable Quiz

23 Famous Actors' Directing Debuts Quiz Stats

 Plays Quiz Updated Jun 1, 2015

Also try: 5-Star Directors
Challenge
Share
Tweet
Embed
Score 0/23 Timer 05:00
0 Plays Today
% Correct
Dances with Wolves
94.1%
Garden State
77.2%
Gone Baby Gone
76.4%
Yentl
75%
That Thing You Do!
74%
Easy Rider
70.8%
Henry V
70.6%
Caddyshack
66.8%
Antwone Fisher
66.4%
This is Spinal Tap
65.1%
Ordinary People
60.9%
The Man Without a Face
60.9%
% Correct
The Kid
59.5%
Little Man Tate
58.1%
Play Misty for Me
56.5%
Reality Bites
56.3%
What's Up, Tiger Lily?
52.7%
Bob Roberts
42%
Jumpin' Jack Flash
37.1%
Made
36%
Away from Her
31.7%
The Indian Runner
30.2%
Quartet
25.4%

You're not logged in!

Compare scores with friends on all Sporcle quizzes.
OR
Log In

You Might Also Like...

Show Comments

Extras

Top Quizzes Today


Score Distribution

Your Account Isn't Verified!

In order to create a playlist on Sporcle, you need to verify the email address you used during registration. Go to your Sporcle Settings to finish the process.

Report this User

Report this user for behavior that violates our Community Guidelines.

Details: